000 00494nam a2200193Ia 4500
003 GCL
008 140319s9999 xx 000 0 aRus d
040 _aGCL /
_cGCL
082 0 4 _a860
_bB F
100 1 _aBAUDELAIRS, CHARLES
245 1 0 _aLAS FLORES DEL MAL /
_cBAUDELAIRS, CHARLES
260 _a[S.N] :
_bA LIANZA EDITORIAL ،
_c1987
300 _a196 P
650 0 4 _aLITERATURE
650 0 4 _aSPANISH LANGUAGE
650 0 4 _aSPANISH LITERATURE
650 0 4 _aLITERACY
942 _2ddc
_cBK
999 _c24958
_d24958